| 000 | 00645nam a2200217 i 4500 | ||
|---|---|---|---|
| 001 | 75217 | ||
| 003 | ES-MaACL | ||
| 005 | 20250826111424.0 | ||
| 007 | t| | ||
| 008 | 040923s1966 sp ||||1| spa d | ||
| 100 | 1 |
_aGraef, Richard. _959496 |
|
| 245 | 1 | 0 |
_aSí, Padre / _cRicardo Gräf ; [traducido por Antonio Sancho]. |
| 250 | _a7ª ed. española. | ||
| 260 |
_aMadrid : _bAtenas, _c[1966] |
||
| 300 |
_a256 p. ; _c20 cm. |
||
| 650 | 0 | 7 |
_aVida cristiana _2embne _917790 |
| 650 | 4 |
_aAscetismo. _910365 |
|
| 700 | 1 |
_aSancho Nebot, Antonio, _d1884-1961 _9103048 |
|
| 852 |
_aES-MaACL _jC-31661 _bR.60973 |
||
| 999 |
_c75217 _d75217 |
||